| 000 | 01021nam a22003018i 4500 | ||
|---|---|---|---|
| 001 | 021407243 | ||
| 003 | EG-ScBUE | ||
| 005 | 20251006092228.0 | ||
| 008 | 240319s2024 caua f bd 001 0 eng d | ||
| 020 | _a9780357986745 | ||
| 040 |
_aStDuBDS _beng _erda _cStDuBDS _dEG-ScBUE |
||
| 082 | 0 | 4 |
_a909 _222 _bDUI |
| 100 | 1 |
_aDuiker, William J., _d1932- _eauthor. |
|
| 245 | 1 | 0 |
_aWorld history / _cWilliam Duiker, The Pennsylvania State University, Jackson Spielvogel, The Pennsylvania State University. |
| 250 | _aTenth edition. | ||
| 264 | 1 |
_aBelmont : _bWadsworth, _c2024. |
|
| 300 |
_a1024 pages : _bcolor illustrations ; _c30 cm |
||
| 336 |
_atext _2rdacontent _btxt |
||
| 337 |
_aunmediated _2rdamedia _bn |
||
| 338 |
_avolume _2rdacarrier _bnc |
||
| 500 | _aIncludes glossary. | ||
| 504 | _aIncludes bibliographical references and index. | ||
| 650 | 7 |
_aWorld history. _2BUEsh |
|
| 653 |
_cOctober2025 _bBUSBOL |
||
| 655 | _vReading book | ||
| 700 | 1 |
_aSpielvogel, Jackson J., _d1939- _eauthor. |
|
| 942 |
_2ddc _cBB |
||
| 999 |
_c31000 _d30971 |
||